Statistics for Cities by Historic Affiliation

Click here to take the quiz!

General Stats

  • This quiz has been taken 46 times
  • The average score is 23 of 30

Answer Stats

City Year Country % Correct
Austin1840Republic of Texas
100%
Glasgow1650Scotland
86%
Riga1980Soviet Union
86%
Reykjavík1900Denmark
86%
Istanbul1700Ottoman Empire
86%
Zagreb1975Yugoslavia
86%
Wellington1850United Kingdom
84%
Dublin1910United Kingdom
84%
Hanoi1970North Vietnam
84%
New York1650Netherlands
84%
Rio de Janeiro1750Portugal
81%
Prague1965Czechoslovakia
81%
Barcelona1710Catalonia
81%
Manila1900United States
81%
Los Angeles1830Mexican Empire
81%
Juba2010Sudan
81%
Manila1720Spanish Empire
78%
New Orleans1740France
78%
Lhasa1750Tibet
76%
Munich1900Bavaria
76%
Windhoek1910Germany
73%
Prague1910Austria-Hungary
73%
Cuzco1500Inca Empire
73%
Windhoek1960South Africa
73%
Geneva1800France
70%
Panama City1825Gran Colombia
68%
Rome1800Papal States
62%
Istanbul1200Byzantine Empire
62%
Bloemfontein1890Orange Free State
59%
Split1780Venice
43%

Score Distribution

Percentile by Number Answered

Percent of People with Each Score

Your Score History

You have not taken this quiz